00537nam a22001812 4500001001100000005001700011008004100028020000600069040001500075100003200090245006800122250001000190260004100200300002000241500003100261650002700292700003600319000001975920151217152201.0110204s xx 000 0 eng d c$ aKABUcKABU1 aPaget, Naomi K.@000017970614aThe Work of the chaplain /cNaomi K. Paget, Janet R. McCormack. a ed. aValley Forge :bJudson Press,c2006. a136 p. ;c cm. aPersonal book (Pr. Kiutta) 0aChaplains.@00001797071 aMcCormack, Janet R.@0000179708